000 00402nam a2200145Ia 4500
005 20240610031046.0
008 240331s9999 xx 000 0 und d
082 _bPAL
_a365
100 _aFahoum, S. ed
245 0 _aPalestinian political women prisoners and detainees in Israeli prisons
260 _bInternational Review of the Red Cross
_c1970
300 _a129 p.,
650 _aWomen
942 _cL
999 _c2950
_d2950